00390nam a22001337a 450000500170000000800410001702000150005804000080007308200180008110000330009924500640013226000480019630000120024420190129111330.0190129b ||||| |||| 00| 0 eng d a9693515595 cDLC a320.9591bPAK aProf. Muhammad Usman, Masood aPakistan ki Siyasi Jamatain /cProf. Muhammad Usman, Masood aLahore :bSang-e-Meel Publications :c2004. a880p. :